000 00690cam a22002293a 4500
001 24009
003 PGUSA
005 20140828083519.0
008 071224s2007||||xxu|||||s|||||000 | eng d
040 _aPGUSA
_beng
042 _adc
050 4 _aQL
100 1 _aBrehm, Alfred Edmund,
_d1829-1884
245 1 0 _aHet Leven der Dieren :
_bDeel 1, Hoofdstuk 14: Buideldieren; Hoofdstuk 15: Kloakdieren
_h[electronic resource] /
_cAlfred Edmund Brehm
260 _bProject Gutenberg,
_c2007
506 _aPublic domain in the USA.
516 _aElectronic text
653 _aAnimals
830 0 _aProject Gutenberg
_v24009
856 4 0 _uhttp://www.gutenberg.org/ebooks/24009
942 _cEB
999 _c253264
_d253264